Dealing with People You Can't Stand (Record no. 93369)

MARC details
000 -LEADER
fixed length control field 00614nam a2200205Ia 4500
005 - DATE AND TIME OF LATEST TRANSACTION
control field 20251120193944.0
008 - FIXED-LENGTH DATA ELEMENTS--GENERAL INFORMATION
fixed length control field 230125s9999 xx 000 0 und d
020 ## - INTERNATIONAL STANDARD BOOK NUMBER
International Standard Book Number 978-1-25-902920-2
041 ## - LANGUAGE CODE
Language code of text/sound track or separate title eng
082 ## - DEWEY DECIMAL CLASSIFICATION NUMBER
Classification number 158.1
Item number BRI
100 ## - MAIN ENTRY--PERSONAL NAME
Author Brinkman R
245 ## - TITLE STATEMENT
Title Dealing with People You Can't Stand
Remainder of title How to Bring Out the Best in People at Their Worst
260 ## - PUBLICATION, DISTRIBUTION, ETC.
Date of publication, distribution, etc. 2012
Name of publisher, distributor, etc. Tata Mcgraw Hill
Place of publication, distribution, etc. New Delhi
300 ## - PHYSICAL DESCRIPTION
Extent 283p
500 ## - GENERAL NOTE
Keywords Personality Development
650 ## - SUBJECT ADDED ENTRY--TOPICAL TERM
Topical term or geographic name entry element Motivation;Personality Development
700 ## - ADDED ENTRY--PERSONAL NAME
Personal name Brinkman R & Kirschner R
942 ## - ADDED ENTRY ELEMENTS (KOHA)
Koha item type Books
906 ## - LOCAL DATA ELEMENT F, LDF (RLIN)
b 71
Holdings
Withdrawn status Lost status Damaged status Not for loan Home library Current library Date acquired Vendor Net Price Bill number Total Checkouts Full call number Barcode Date last seen Actual Price Bill Date Koha item type Original Barcode
        Smt. Hiraben Nanavati Institute of Management & Research for Women Smt. Hiraben Nanavati Institute of Management & Research for Women 31/03/2015 Pritam Book Centre 310.00 9415   158.1 BRI B13457 HIMR-BK-13457 25/01/2023 239.00 14/03/2015 Books B13457